Vista normal
Vista MARC
Temas de Doctrina Social Cristiana / (Registro nro. 17125)
[ vista simple ]
| 000 -Cabecera (24) | |
|---|---|
| Campo de control interno | 01257nam a22002654a 4500 |
| 001 - Número de control | |
| Campo de control | UTEA |
| 005 - Fecha y hora de la | |
| Campo de control | 20250610144757.0 |
| 006 - Campos de control - información adicional | |
| Campos de control | g||||gr||||||01 nz |
| 007 - Tipo material - Descripcion fisica - info general | |
| Tipo material | ta |
| 008 - Códigos de longitud fija (40p) | |
| Campo de control de longitud fija | 250610b es ||||| |||| 00| 0 spa d |
| 040 ## - Origen de la Catalogacion | |
| Centro catalogador/agencia de origen | UTEA |
| 041 ## - Código de idioma (R) | |
| Código de lengua del texto/banda sonora o título independiente (R) | spa |
| 082 ## - Número de la Clasificación | |
| Número de la Clasificación | 230.003 |
| Notación Interna | F43 1986 |
| 100 ## - Autor Personal | |
| Autor Personal | Ferrer, Urbano |
| Término indicativo de función (R) | Autor |
| 245 ## - Titulo | |
| Titulo | Temas de Doctrina Social Cristiana / |
| Mención del autor | Urbano Ferrer |
| Medio físico | [Texto Impreso] |
| 250 ## - Mencion de edicion | |
| Mencion de edicion | 1ra. edición |
| 260 ## - Editorial | |
| Ciudad | Murcia - España; |
| Nombre de la Editorial | Fmento de Centros de Enseñanza; |
| Fecha | 1986 |
| 300 ## - Descripcion | |
| Páginas | 78 páginas; |
| Dimensiones | 25 x 16 cm. |
| 505 ## - Nota de contenido formateada | |
| Nota de contenido formateada Índice del Libro] | Valoración crítica de nuestra sociedad -- Importancia y actualidad de la Doctrina Social de la Iglesia -- la dignidad de la persona humana, fundamento de la doctrina social -- Historia de los derechos fundamentales del hombre -- Naturaleza social del hombre -- El fin de la sociedad: el bien común -- La virtud de la justicia: la justicia social -- Familia y sociedad -- Trabajo y sociedad -- las asociaciones en el mundo del trabajo -- propiedad privada y sociedad -- la educación y la sociedad. |
| 650 ## - Temas - Descriptores | |
| Temas - Descriptores | DIGNIDAD |
| 9 (RLIN) | 58939 |
| 650 ## - Temas - Descriptores | |
| Temas - Descriptores | JUSTICIA |
| 9 (RLIN) | 1812 |
| 650 ## - Temas - Descriptores | |
| Temas - Descriptores | VIRTUD |
| 9 (RLIN) | 58940 |
| 650 ## - Temas - Descriptores | |
| Temas - Descriptores | BIEN COMUN |
| 9 (RLIN) | 58941 |
| 942 ## - Datos personalizados Koha | |
| Esquema de Clasificacion | Dewey Decimal Classification |
| Tipo de Documento | Libros |
| Fecha procesamiento | 2025-06-10 |
| Catalogador | Mag. Cecilio Flores Noa |
| Estado de retiro | Estado de pérdida | Fuente de Clasificacion | Estado | Restricciones de uso | No para préstamo | Escuela Profesional/ Mención de Maestría | Localización permanente | Ubicación/localización actual | Fecha de adquisición | Fuente de adquisición | Signatura topográfica completa | Código de barras | Precio válido a partir de | Tipo de ítem Koha |
|---|---|---|---|---|---|---|---|---|---|---|---|---|---|---|
| Dewey Decimal Classification | Sala | E.P. Educación | Biblioteca Abancay UTEA | Biblioteca Abancay UTEA | 06/10/2025 | Donación | 230.003 F43 1986 | BABA25060015 | 06/10/2025 | Libros |